00600nam a2200181Ia 4500003000900000008004100009040001600050080001700066100001800083245010000101260003300201300001600234490006800250650004100318650002300359650001200382650002400394IN-BaIIA211028s9999 xx 000 0 eng d cIIA Library a521.132bKUR aKurth, Rudolf 0aIntroduction to stellar statisticscRudolf Kurth  aOxfordbPergamon Pressc1967 aviii, 175p. aInternational series of monographs in natural philosophy; v. 10 aAstronomy and astrophysics thesaurus aStatistics - stars aStellar aStellar atmospheres